Tabletop and still life photography.

Bibliographic Details
Main Author: Bennett, Edna
Format: Book
Language:English
Published: New York : Amphoto, [1970]
Subjects:

MARC

Tag First Indicator Second Indicator Subfields
LEADER 00000cam a2200000 4500
001 in00000094910
005 20150927110603.0
008 700526s1970 nyua 00100 eng
010 |a  68057667  
035 |a (OCoLC)00075856 
035 |9 AAL6786AM 
037 |c 2.50 
040 |a DLC  |c DLC  |d TXA  |d UtOrBLW 
049 |a TXAM  |c [642186] 
050 0 0 |a TR683.5  |b .B45 1970 
082 0 |a 778.8 
100 1 |a Bennett, Edna. 
245 1 0 |a Tabletop and still life photography. 
264 1 |a New York :  |b Amphoto,  |c [1970] 
300 |a 128 pages :  |b illustrations ;  |c 20 cm. 
336 |a text  |b txt  |2 rdacontent 
337 |a unmediated  |b n  |2 rdamedia 
338 |a volume  |b nc  |2 rdacarrier 
650 0 |a Photography, Artistic. 
650 0 |a Photography, Table-top. 
999 |a MARS 
999 f f |s 6b39bc24-f7ad-3939-9052-c77277fbe258  |i a951a3a2-ce4a-3bd8-80c4-160f37408b2d  |t 0 
952 f f |p normal  |a Texas A&M University  |b College Station  |c Sterling C. Evans Library  |d Evans: Library Stacks  |t 0  |e TR683.5 .B45 1970  |h Library of Congress classification  |i unmediated -- volume  |m A14805630548 
998 f f |a TR683.5 .B45 1970  |t 0  |l Evans: Library Stacks